Maľované Nórsko

Podrobná bibliografia
Hlavný autor: Tuchyňová, Andrea (Autor)
Médium: Článok
Jazyk:slovenčina
Fyzický popis:Fotogr.
ISSN:0231-8768
Predmet:

MARC

LEADER 00000nab a2200000 a 4500
001 vtls009308916
003 SK-MaSNL
005 20260304233440.0
008 250506c2008 xo |||||||||||000 b|slo
015 |a SNBRB2008/07  |2 snkbucl 
035 |a (uuid)19649ce8-cb86-4d40-9ded-a14a536f8bb7 
035 |a urn:nbn:sk:snk-abetly 
035 |a (urnnbn)urn:nbn:sk:snk:ar-0075vs 
038 |a SNKBUCL 
040 |a SNKBUCL  |b slo  |c SNKBUCL  |e AACR2 
041 0 |a slo 
044 |a xo  |c SK 
080 |a 639.2  |x (481)  |2 1997 
100 1 |a Tuchyňová, Andrea  |4 aut  |9 1131541 
245 1 0 |a Maľované Nórsko  |c Andrea Tuchyňová 
300 |b Fotogr. 
650 0 7 |a rybolov  |2 snkbucl  |9 2838 
651 7 |a Nórsko  |2 snkbucl  |9 13218 
655 7 |a reportáže  |2 snkbucl  |9 28856 
773 0 |t Poľovníctvo a rybárstvo  |g Roč. 60, č. 7 (2008), s. 82-84  |x 0231-8768 
850 |a Slovenská národná knižnica 
852 |a Slovenská národná knižnica 
958 |a article27 
958 |a OND 
958 |a NO 
999 |c 3198656  |d 3200586